Catalog

Record Details

Catalog Search



Der kleine Katechismus D. Martin Luthers  Cover Image Book Book

Der kleine Katechismus D. Martin Luthers / D. Martin Luthers

Luther, Martin (Author).

Record details

  • ISBN: 3-921213-25-8
  • Physical Description: 84 S.
  • Publisher: Uhldingen Stephanus Edition Verlags 1979

Content descriptions

General Note:
herausgegeben von Stephanus Edition

Available copies

  • 1 of 1 copy available at Common Catalog SPOK.

Holds

  • 0 current holds with 1 total copy.
Show Only Available Copies
Location Call Number / Copy Notes Barcode Shelving Location Status Due Date
ETS Library 238.41 424470003849 Volný výběr Available -

LDR 00715nam a2 00253
00144313
003CZ-PrJAB
00520030623000000.0
008030618s1979 xr e |||| |ger
009ge
020 . ‡a3-921213-25-8
035 . ‡a(CONS)4904
035 . ‡aKPS11635
040 . ‡aABG450
041 . ‡ager
08214. ‡a238.41
100 . ‡7478 ‡aLuther, Martin
245 . ‡aDer kleine Katechismus D. Martin Luthers / ‡cD. Martin Luthers
260 . ‡aUhldingen ‡bStephanus Edition Verlags ‡c1979
300 . ‡a84 S.
500 . ‡aherausgegeben von Stephanus Edition
653 . ‡aDer kleine Katechismus D. Martin Luthers
8524 . ‡bETS ‡bETS ‡cVolný výběr ‡j238.41 ‡gA ‡p424470003849
910 . ‡aABG450
999 . ‡a4904 ‡bAUTOGEN ‡c4904 ‡tbiblio
905 . ‡uadmin
901 . ‡a44313 ‡b ‡c44313 ‡tbiblio ‡sets

Additional Resources